APEC Schools

Clotelle; Or, The Colored Heroine, a tale of the Southern States; Or, The President's Daughter / (Record no. 2385)

000 -LEADER
fixed length control field 00965cam a22002773a 4500
005 - DATE AND TIME OF LATEST TRANSACTION
control field 20180413051929.0
008 - FIXED-LENGTH DATA ELEMENTS--GENERAL INFORMATION
fixed length control field 080702s2008||||xxu|||||s|||||000 1 eng d
040 ## - CATALOGING SOURCE
Transcribing Agency APEC Schools Library
Description Conventions rda
041 ## - LANGUAGE CODE
Language code of text/sound track or separate title eng
100 1# - CREATOR
Preferred Name of the Person Brown, William Wells,
Dates Associated with the Person -1884
245 10 - TITLE AND STATEMENT OF RESPONSIBILITY
Preferred Title Proper Clotelle; Or, The Colored Heroine, a tale of the Southern States; Or, The President's Daughter /
Statement of Responsibility/Parallel Statement of Responsibility William Wells Brown
336 ## - RDA CONTENT
Source rdacontent
Content Type text
337 ## - RDA MEDIA
Source rdamedia
Media Type computer
338 ## - RDA CARRIER
Source rdacarrier
Carrier Type online resource
506 ## - RESTRICTIONS ON ACCESS NOTE
Restriction on Access Note Public domain in the USA.
516 ## - TYPE OF COMPUTER FILE OR DATA NOTE
Type of computer file or data note Text
653 ## - INDEX TERM--UNCONTROLLED
Uncontrolled term African American families -- Fiction
653 ## - INDEX TERM--UNCONTROLLED
Uncontrolled term Jefferson, Thomas, 1743-1826 -- Relations with women -- Fiction
653 ## - INDEX TERM--UNCONTROLLED
Uncontrolled term African American women -- Fiction
653 ## - INDEX TERM--UNCONTROLLED
Uncontrolled term Women slaves -- Fiction
653 ## - INDEX TERM--UNCONTROLLED
Uncontrolled term Illegitimate children -- Fiction
653 ## - INDEX TERM--UNCONTROLLED
Uncontrolled term Children of presidents -- Fiction
653 ## - INDEX TERM--UNCONTROLLED
Uncontrolled term Domestic fiction
655 ## - GENRE
Genre/form data or focus term electronic books
856 40 - ELECTRONIC LOCATION AND ACCESS
Uniform Resource Identifier https://goo.gl/3D48H1
942 ## - ADDED ENTRY ELEMENTS (KOHA)
Source of Classification
Koha Item Type E-book/Online Resources
Holdings
Status Library Full Classification Number Uniform Resource Identifier Koha Item Type
Available Online APEC Chain of Schools Library APEC Chain https://goo.gl/3D48H1 E-book/Online Resources

Powered by Koha